Ανήλικοι παραβάτες στα πλαίσια ποινικού δικαίου : ο ρόλος του επιμελητή ανηλίκων, μία μελέτη περίπτωσης στο νησί της Ρόδου : διπλωματική εργασία

Η παραβατικότητα των ανηλίκων αποτελεί, ίσως ένα από τα πιο σοβαρά φαινόμενα κοινωνικής παθογένειας και αφορά το πιο ευάλωτο τμήμα της κοινωνίας μας, όπως είναι οι ανήλικοι και οι έφηβοι. Στα πλαίσια της κοινωνικοποιητικής διαδικασίας και της στήριξής τους σε κάθε βήμα, οι ανήλικοι χρειάζονται τη κα...

Πλήρης περιγραφή

Αποθηκεύτηκε σε:
Λεπτομέρειες βιβλιογραφικής εγγραφής
Κύριος συγγραφέας: Πρασσά, Ελένη
Συγγραφή απο Οργανισμό/Αρχή: Πανεπιστήμιο Αιγαίου Σχολή Κοινωνικών Επιστημών Τμήμα Κοινωνιολογίας Μεταπτυχιακό Πρόγραμμα Σπουδών Έρευνα για την Τοπική Κοινωνική Ανάπτυξη και Συνοχή
Μορφή: Thesis Βιβλίο
Γλώσσα:Greek
Δημοσίευση: 2016.
Διαθέσιμο Online:http://hdl.handle.net/11610/19012
Ετικέτες: Προσθήκη ετικέτας
Δεν υπάρχουν, Καταχωρήστε ετικέτα πρώτοι!

MARC

LEADER 00000cam a2200000 a 4500
001 1/120186
008 191024s2016####gr | ||| |||| ||gre||
040 |a GR-MyUa  |b gre  |c GR-MyUa  |e AACR2 
041 0 |a gre 
082 7 |a 000  |2 (23) 
100 1 |a Πρασσά, Ελένη. 
245 1 0 |a Ανήλικοι παραβάτες στα πλαίσια ποινικού δικαίου :   |b ο ρόλος του επιμελητή ανηλίκων, μία μελέτη περίπτωσης στο νησί της Ρόδου : διπλωματική εργασία /   |c επιμέλεια: Πρασσά Ελένη ; επιβλέπων καθηγητής: Γεωργούλας Ευστράτιος.  
260 |c 2016.  
300 |a 140 σ. ;   |c 29 εκ.  
500 |a Μέλη επιτροπής: Παπάνης Ευστράτιος, Ψημίτης Μιχάλης. Η εργασία περιλαμβάνει παραρτήματα.  
502 |a Διατριβή (μεταπτυχιακή) - Πανεπιστήμιο Αιγαίου, Μυτιλήνη, 2016.  
504 |a Βιβλιογράφία: σ. 124-127.  
506 1 |a Ηλεκτρονική διάθεση μόνο λέξεων κλειδιών-περιλήψεων.  
520 8 |a Η παραβατικότητα των ανηλίκων αποτελεί, ίσως ένα από τα πιο σοβαρά φαινόμενα κοινωνικής παθογένειας και αφορά το πιο ευάλωτο τμήμα της κοινωνίας μας, όπως είναι οι ανήλικοι και οι έφηβοι. Στα πλαίσια της κοινωνικοποιητικής διαδικασίας και της στήριξής τους σε κάθε βήμα, οι ανήλικοι χρειάζονται τη καθοδήγηση της οικογένειάς τους ή του ευρύτερου κοινωνικού περιβάλλοντος, ακολουθώντας την άσκηση του κοινωνικού ελέγχου μέσω της σωστής κοινωνικοποίησης. Αναγκαία καθίσταται η στήριξή τους ιδιαίτερα σε μια ενδεχόμενη αντικοινωνική συμπεριφορά γεγονός της καθοριστικής πορείας του και την πιθανότητα επιρροής τους στην ενήλικη πλέον ζωή τους. Αυτός είναι και ο λόγος, που καθίσταται κρίσιμη η μελέτη της ηλικιακής αυτής ομάδας σε σύγκριση με τους ενηλίκους, ως προς τα αίτια και τη διαδικασία της εγκληματογένεσης. Σκοπός της παρούσας εργασίας που έχει ως θέμα «Ανήλικοι παραβάτες στα πλαίσια ποινικού δικαίου. Ο ρόλος του επιμελητή ανηλίκων, μια μελέτη περίπτωσης στο νησί της Ρόδου » είναι η διερεύνηση της θέσης , που κατέχει ο παρεκκλίνων ανήλικος και η καταγραφή της δράσης του επίσημου φορέα κοινωνικού ελέγχου, που είναι οι Επιμελητές ανηλίκων. Η μεθοδολογία, η οποία χρησιμοποιήθηκε, είναι η βιβλιογραφική έρευνα για την εκτενή ανάλυση του θεωρητικού πλαισίου και η κριτική ανάλυση λόγου μέσω της αποδελτίωσης των στοιχείων των ανηλίκων, όπως καταγράφονται από τους επιμελητές ανηλίκων στα ατομικά δελτία. 
700 1 |a Γεωργούλας, Στράτος,  |e dgs 
710 2 |a Πανεπιστήμιο Αιγαίου  |b Σχολή Κοινωνικών Επιστημών  |b Τμήμα Κοινωνιολογίας  |b Μεταπτυχιακό Πρόγραμμα Σπουδών Έρευνα για την Τοπική Κοινωνική Ανάπτυξη και Συνοχή. 
852 |a INST  |b LESVOS  |c DIATR  |e 20191024  |h 351  |p 005100032522  |q 005100032522  |t MTXE  |y 23 
856 |u http://hdl.handle.net/11610/19012 
920 |a Πρασσά  |b Ελένη   |y Λέσβος  |z 2017-04 
970 |a Πατσή   |b Ανθίππη  |z 24-10-2019